Home Print Resources E-Books E-Journals IIMT Lecture Series Library Membership Form Book Recommendation Form Campus Tour Take AdmissionAbout Us Contact Us

VIBRATION O CONTINUOUS SYSTEMS (Record no. 35875)

000 -LEADER
fixed length control field 00367nam a22001577a 4500
003 - CONTROL NUMBER IDENTIFIER
control field OSt
005 - DATE AND TIME OF LATEST TRANSACTION
control field 20240321110429.0
008 - FIXED-LENGTH DATA ELEMENTS--GENERAL INFORMATION
fixed length control field 170717b xxu||||| |||| 00| 0 eng d
020 ## - INTERNATIONAL STANDARD BOOK NUMBER
International Standard Book Number 9788126538522
040 ## - CATALOGING SOURCE
Transcribing agency SEROSOFT
100 ## - MAIN ENTRY--PERSONAL NAME
Personal name RAO, SINGIRESU.S
245 ## - TITLE STATEMENT
Title VIBRATION O CONTINUOUS SYSTEMS
260 ## - PUBLICATION, DISTRIBUTION, ETC.
Place of publication, distribution, etc. DELHI
Name of publisher, distributor, etc. WILEY
Date of publication, distribution, etc. 2013
300 ## - PHYSICAL DESCRIPTION
Extent 720
942 ## - ADDED ENTRY ELEMENTS (KOHA)
Source of classification or shelving scheme
Koha item type General Book
Holdings
Withdrawn status Lost status Source of classification or shelving scheme Damaged status Not for loan Home library Current library Date acquired Source of acquisition Barcode Date last seen Uniform Resource Identifier Price effective from Koha item type Full call number
          IIMT University Central Library Meerut IIMT University Central Library Meerut 10/03/2017 KIRTI PRAKASHAN 01-B-121533 07/17/2017 physics 07/17/2017 General Book  
          IIMT University Central Library Meerut IIMT University Central Library Meerut 10/03/2017 KIRTI PRAKASHAN 01-B-121534 07/17/2017 physics 07/17/2017 General Book  
          IIMT University Central Library Meerut IIMT University Central Library Meerut 10/03/2017 KIRTI PRAKASHAN 01-B-121535 07/17/2017 physics 07/17/2017 Reference Book R
          IIMT University Central Library Meerut IIMT University Central Library Meerut 10/03/2017 KIRTI PRAKASHAN 01-B-121536 07/17/2017 physics 07/17/2017 General Book  
          IIMT University Central Library Meerut IIMT University Central Library Meerut 10/03/2017 KIRTI PRAKASHAN 01-B-121537 07/17/2017 physics 07/17/2017 General Book  
IIMT, Central Library. All Rights Reserved IIMT,UNIVERSITY © 2023
Implemented and Customised by I CLOUDE EMS
You Are OPAC Visitor No
free web counter

Powered by Koha